Statistics for Most Populous Counties in Missouri

Click here to take the quiz!

General Stats

  • This quiz has been taken 19 times
  • The average score is 8 of 15

Answer Stats

PopulationCounty% Correct
707,465{Jackson} County
94%
992,177{St. Louis} County
94%
226,423{Jefferson} County
76%
408,506{St. Charles} County
76%
104,469{Franklin} County
59%
183,267{Boone} County
53%
257,124{Clay} County
53%
297,150{Greene} County
53%
79,337{Cape Girardeau} County
47%
76,795{Cole} County
47%
123,074{Jasper} County
41%
107,726{Platte} County
41%
85,766{Buchanan} County
35%
107,802{Cass} County
35%
91,697{Christian} County
29%

Score Distribution

Percentile by Number Answered

Percent of People with Each Score

Your Score History

You have not taken this quiz